Politika alokácie aktív a výkonnosť portfólia

Prezentácia metódy analýzy efektov alokačnej politiky medzi triedami aktív z hľadiska ich efektov na výkonnosť fondu (portfólia). Niektoré možnosti využitia replikačných procedúr pre determinovanie štruktúry pasívnej a aktívnej politiky manažovania portfólia a následná analýza ich efektov. Súčasný s...

Ausführliche Beschreibung

Gespeichert in:
Bibliographische Detailangaben
1. Verfasser: Mlynarovič, Vladimír
Format: Buchkapitel
Sprache:Slowakisch
Schlagworte:
Tags: Tag hinzufügen
Keine Tags, Fügen Sie das erste Tag hinzu!

MARC

LEADER 00000nla$a2200000$$$4500
001 0124913
005 20221107085010.5
041 0 |a slo 
044 |a SK 
245 1 0 |a Politika alokácie aktív a výkonnosť portfólia  |c Vladimír Mlynarovič 
520 |a Prezentácia metódy analýzy efektov alokačnej politiky medzi triedami aktív z hľadiska ich efektov na výkonnosť fondu (portfólia). Niektoré možnosti využitia replikačných procedúr pre determinovanie štruktúry pasívnej a aktívnej politiky manažovania portfólia a následná analýza ich efektov. Súčasný stav excelovskej aplikácie využitia týchto prístupov pri analýze výkonnosti penzijných fondov. 
610 2 0 |a programovanie 
610 2 0 |a analýza regresná 
610 2 0 |a aktíva 
610 2 0 |a výnosy 
610 2 0 |a výkonnosť 
610 2 0 |a fondy penzijné 
100 1 |a Mlynarovič, Vladimír